| 000 | 00386cam a2200169ua 4500 | ||
|---|---|---|---|
| 020 | _c2.50 | ||
| 041 |
_amal _h |
||
| 082 |
_a894.8122 _bIBS/RA |
||
| 100 | _aIsben, . | ||
| 245 |
_aRajasilpi / _cIsben. _hTextual Documents |
||
| 260 |
_aKottayam : _bNational Book Stall , _c1966. |
||
| 300 | _a162 ; . | ||
| 365 | _a2.50 | ||
| 504 | _a | ||
| 942 | _cBK | ||
| 999 |
_c6255 _d6255 |
||